| 000 | 00608nam a2200181Ia 4500 | ||
|---|---|---|---|
| 003 | GCL | ||
| 005 | 20240530103213.0 | ||
| 008 | 140319s9999 xx 000 0 ara d | ||
| 040 |
_aGCL / _cGCL |
||
| 082 | 0 | 4 |
_a414.3 _bم ب |
| 100 | 1 | _aمحمد احمد ابو موسى | |
| 245 | 1 | 0 |
_aالبلاغة القرانية فى تفسير الزمخشرى واثرها فى الدراسات البلاغية / _cمحمد احمد ابو موسى |
| 300 | _a749 ص | ||
| 650 | 0 | 4 | _aاللغة العربية |
| 650 | 0 | 4 | _aالبلاغة العربية |
| 650 | 0 | 4 | _aالقران - بلاغة |
| 942 |
_2ddc _cBK |
||
| 999 |
_c37544 _d37544 |
||